| 000 | 02506nam a22002657a 4500 | ||
|---|---|---|---|
| 001 | 43198 | ||
| 003 | UA-OsUOA | ||
| 005 | 20230504161236.0 | ||
| 007 | ta | ||
| 008 | 20061212b un ||||| |||| 00| 0 ukr d | ||
| 020 | _a966-346-156-Х | ||
| 040 |
_aUA-OsUOA _bukr _cUA-OsUOA _dUA-OsUOA |
||
| 041 | _aukr | ||
| 080 | _a355.58(075.8) | ||
| 090 |
_a355.58(075.8) _bС79 |
||
| 100 | _aСтеблюк М. І. | ||
| 245 |
_aЦивільна оборона _bпідручник |
||
| 260 |
_aК. _bЗнання _c2006 |
||
| 300 | _a487 с. | ||
| 520 | _aУ підручнику розглядаються основні завдання та організаційна побудова цивільного захисту в Україні відповідно до Законів України "Про Цивільну оборону України", "Про правові засади цивільного захисту" та ін. Наводяться класифікація і найважливіші характеристики надзвичайних ситуацій природного та техногенного походження. Показується вплив уражаючих факторів на людей, об'єкти народного господарства, сільськогосподарських тварин, рослини, воду, продукти харчування. Висвітлюються організація захисту населення, тварин, продуктів харчування, основи планування заходів цивільного захисту, організації і здійснення рятувальних та інших невідкладних робіт у надзвичайних ситуаціях. За змістом підручник відповідає законодавчим документам, що стосуються захисту населення і територій, та програмі навчальної дисципліни "Цивільна оборона" для вищих навчальних закладів. Для студентів і викладачів вищих навчальних закладів. | ||
| 650 | 7 |
_a35 Державно-адміністративне управління. Військова справа _2UDC |
|
| 942 |
_cBK _2udc |
||
| 955 | _a2 | ||
| 999 |
_c329314 _d329314 |
||